| 000 | 01032cam a2200265 a 4500 | ||
|---|---|---|---|
| 999 |
_c17323 _d17323 |
||
| 001 | 13403430 | ||
| 003 | OSt | ||
| 005 | 20161123122325.0 | ||
| 008 | 031114s2005 maua b 001 0 eng | ||
| 010 | _a 2003066003 | ||
| 020 | _a0072900156 (alk. paper) | ||
| 040 |
_aDLC _cDLC _dDLC |
||
| 050 | 0 | 0 |
_aHQ796 _b.S26 2005 |
| 082 | 0 | 0 |
_a305.235 _222 |
| 100 | 1 | _aSantrock, John W. | |
| 245 | 1 | 0 |
_aAdolescence / _cJohn W. Santrock. |
| 250 | _a10th ed. | ||
| 260 |
_aBoston : _bMcGraw-Hill, _cc2005. |
||
| 300 |
_a1 v. (various pagings) : _bill. (chiefly col.) ; _c28 cm. _e1 Computer Disc ( 4 3/4in.) |
||
| 500 | _a"Lifemap" (1 CD-ROM (4 3/4 in.)) inserted. | ||
| 504 | _aIncludes bibliographical references and index. | ||
| 650 | 0 | _aAdolescence. | |
| 650 | 0 | _aAdolescent psychology. | |
| 906 |
_a7 _bcbc _corignew _d1 _eocip _f20 _gy-gencatlg |
||
| 942 |
_2lcc _cBOOKS _hHQ 796 .S26 2005 |
||